Loading...
History - European History | 1 | 2 | 1 | 0 | 30 | 45 | 76.67 | 2 | 3 |
Fine Arts - Other Arts | 0 | 2 | 0 | 0 | 20 | 94 | 97.50 | 1 | 2 |
Geography | 1 | 0 | 0 | 0 | 15 | 70 | 70.00 | 1 | 1 |
Social Science | 0 | 1 | 0 | 1 | 10 | 127 | 127.00 | 0 | 1 |
Visual Arts | 0 | 1 | 0 | 0 | 10 | 121 | 121.00 | 1 | 1 |
Literature - American Literature | 0 | 1 | 0 | 0 | 10 | 109 | 109.00 | 1 | 1 |
History - Ancient History | 0 | 1 | 0 | 0 | 10 | 100 | 100.00 | 1 | 1 |
History - Other History | 0 | 1 | 1 | 1 | 5 | 98 | 98.00 | 0 | 1 |
Beliefs | 0 | 1 | 2 | 0 | 0 | 107 | 107.00 | 0 | 1 |
Science - Physics | 0 | 0 | 1 | 0 | -5 | 0.00 | 0 | 0 | |
History - American History | 0 | 0 | 1 | 0 | -5 | 0.00 | 0 | 0 | |
History - World History | 0 | 0 | 3 | 0 | -15 | 0.00 | 0 | 0 |